| 000 | 00538nam a2200205Ia 4500 | ||
|---|---|---|---|
| 005 | 20250923145818.0 | ||
| 008 | 008 250917s9999 xx 000 0 eng d | ||
| 037 | _aTextual | ||
| 040 |
_aDSWL _beng _cDSWL |
||
| 041 |
_aeng _2eng |
||
| 084 |
_aY:1, N73 _qDSWL |
||
| 100 |
_aBauman, Z. _9839193 |
||
| 245 | 0 |
_aCulture as praxis _cby Z.Bauman |
|
| 260 |
_aLondon _b Routledge & Kangan Paul _c1973 |
||
| 300 | _a272p. | ||
| 365 |
_aGBP _b10.5 |
||
| 925 | _g10.5 | ||
| 942 |
_cTEXL _hY:1, N73 |
||
| 999 |
_c1455999 _d1455999 |
||